The inner circle / (Record no. 64070)

MARC details
000 -LEADER
fixed length control field 00542nam a22001577a 4500
005 - DATE AND TIME OF LATEST TRANSACTION
control field 20120316124757.0
020 ## - INTERNATIONAL STANDARD BOOK NUMBER
International Standard Book Number 8185378436
Terms of availability 60.00
035 ## - SYSTEM CONTROL NUMBER
System control number A-903897
037 ## - SOURCE OF ACQUISITION
Stock number DPL
Source of stock number/acquisition ENG
245 ## - TITLE STATEMENT
Title The inner circle /
Statement of responsibility, etc edited by A.R. Natarajan
250 ## - EDITION STATEMENT
Edition statement 2nd ed.
260 ## - PUBLICATION, DISTRIBUTION, ETC. (IMPRINT)
Place of publication, distribution, etc Bangalore
Name of publisher, distributor, etc Ramana Maharshi Centre for Learning
Date of publication, distribution, etc 1996
300 ## - PHYSICAL DESCRIPTION
Extent i, 103p.
Dimensions 20 cms.
942 ## - ADDED ENTRY ELEMENTS (KOHA)
Source of classification or shelving scheme Dewey Decimal Classification
Item type English Books
Classification part 181.41
Call number suffix NAT
Holdings
Withdrawn status Lost status Not for loan Collection code Home library Current library Date acquired Cost, normal purchase price Full call number Barcode Cost, replacement price Koha item type
      Non-fiction Sarojini Nagar Sarojini Nagar 16/03/2012 60.00 181.41 NAT A-903897 60.00 English Books

© Delhi Public Library
Hit Counter
free hit counter